| 000 | 01063nam a22003375a 4500 | ||
|---|---|---|---|
| 001 | 4833819 | ||
| 005 | 20240818092948.0 | ||
| 008 | 901011r20101993ii adk fr2b 001 0 eng d | ||
| 010 | _a90021092 | ||
| 020 | _a0470217200 (J. Wiley & Sons) | ||
| 020 | _a8122404715 (Wiley Eastern Ltd.) | ||
| 020 | _a9788122404715 | ||
| 040 |
_aEG-ScBUE _beng _cEG-ScBUE |
||
| 082 | 0 | 4 |
_a547.7 _222 _bMIS |
| 100 | 1 |
_aMisra, G. S. _q(Gauri Shankar) _937092 |
|
| 245 | 1 | 0 |
_aIntroductory polymer chemistry / _cG. S. Misra. |
| 260 |
_aNew Delhi : _bNew Age International, _c2010. |
||
| 300 |
_axx, 253 p. : _bcharts, forms, tables ; _c25 cm. |
||
| 500 | _aIndex : p. 249-253. | ||
| 500 | _aReprint of the 1993 ed. | ||
| 590 | _aMohamed Hussein | ||
| 650 | 0 |
_aPolymers _95875 _2BUEsh |
|
| 650 | 0 |
_aPolymerization _96762 _2BUEsh |
|
| 651 | _2BUEsh | ||
| 653 |
_bENGCHE _cAugust2015 |
||
| 655 |
_vreading book _934232 |
||
| 942 |
_2ddc _k547.7 MIS _hRDA-MOD |
||
| 999 |
_c18848 _d18820 |
||
| 336 |
_2rdacontent _atext _btxt |
||
| 337 |
_aunmediated _2rdamedia _bn |
||
| 338 |
_avolume _bnc _2rdacarrier |
||